000
00324nam a22001337a 4500
008
260311b ||||| |||| 00| 0 eng d
020
_a
9789940623005
041
_a
eng
080
_a
2.1
100
_a
20.1
101
_a
instituti per kerkime
245
_a
Instituti per kërkime shkencore dhe zhvillimi
942
_2
udc
_c
BK
999
_c
60884
_d
60884